• 首页
  • 本馆介绍
  • 公告通知
  • 最新文献
  • 馆藏检索
  • 电子资源
  • 读者导购
  • 参考咨询
  • 我的图书馆
  • 登录
  • 详细信息显示
  • 放入我的书架
  • 预约/预借图书
  • 作者相关作品
  • 分类相关作品
  • 丛书相关作品
  • 出版社相关作品

书目信息

  • 表格格式
  • 工作单格式
  • 卡片格式
题名:
汽车销售技巧与实务
    
 
作者: 刘秀荣 编著
分册:  
出版信息: 北京   电子工业出版社  2015
页数: 257页
开本: 26cm
丛书名:
单 册:
中图分类: F766
科图分类:
主题词: 汽车--销售--高等职业教育--教材
电子资源:
ISBN: 978-7-121-25110-8
000 00735nam0 2200217 450
001 2360749830
005 20231130165248.19
010    @a978-7-121-25110-8@dCNY35.00
100    @a20150228d2015 em y0chiy50 ea
101 0  @achi
102    @aCN@b110000
105    @ay z 000yy
200 1  @a汽车销售技巧与实务@Aqi che xiao shou ji qiao yu shi wu@f刘秀荣编著
210    @a北京@c电子工业出版社@d2015
215    @a257页@d26cm
330    @a本书分为消费者市场汽车销售、大客户市场汽车销售两部分,包括客户开发、展厅接待、车辆展示、试乘试驾、成交与签约、大客户开发等内容。
606 0  @a汽车@x销售@x高等职业教育@j教材
690    @aF766@v5
701  0 @a刘秀荣@Aliu xiu rong@4编著
801  0 @aCN@b山东中教@c20231126
905    @aBZT@dF766@e13
    
    汽车销售技巧与实务/刘秀荣编著.-北京:电子工业出版社,2015
    257页;26cm
    
    
    ISBN 978-7-121-25110-8:CNY35.00
    本书分为消费者市场汽车销售、大客户市场汽车销售两部分,包括客户开发、展厅接待、车辆展示、试乘试驾、成交与签约、大客户开发等内容。
●
相关链接 在五车中查询图书 在当当中查询图书 在豆瓣中查询图书


正题名:汽车销售技巧与实务     索取号:F766/13         预约/预借

序号 登录号 条形码 馆藏地/架位号 状态 备注
1 2001162037   2001162037   中教(第二批第二书库)/山东中教(第二批)/788/ [索取号:F766/13] 在馆    
2 2001162038   2001162038   中教(第二批第二书库)/山东中教(第二批)/788/ [索取号:F766/13] 在馆    
3 2001162039   2001162039   中教(第二批第二书库)/山东中教(第二批)/788/ [索取号:F766/13] 在馆    
4 2001162040   2001162040   中教(第二批第二书库)/山东中教(第二批)/788/ [索取号:F766/13] 在馆    
5 2001162041   2001162041   中教(第二批第二书库)/山东中教(第二批)/788/ [索取号:F766/13] 在馆    
6 2001162042   2001162042   中教(第二批第二书库)/山东中教(第二批)/788/ [索取号:F766/13] 在馆    
7 2001162043   2001162043   中教(第二批第二书库)/山东中教(第二批)/788/ [索取号:F766/13] 在馆    
8 2001162044   2001162044   中教(第二批第二书库)/山东中教(第二批)/788/ [索取号:F766/13] 在馆    
9 2001162045   2001162045   中教(第二批第二书库)/山东中教(第二批)/788/ [索取号:F766/13] 在馆    
10 2001162046   2001162046   中教(第二批第二书库)/山东中教(第二批)/788/ [索取号:F766/13] 在馆    
11 2001162047   2001162047   中教(第二批第二书库)/山东中教(第二批)/788/ [索取号:F766/13] 在馆    
12 2001162048   2001162048   中教(第二批第二书库)/山东中教(第二批)/788/ [索取号:F766/13] 在馆    
13 2001162049   2001162049   中教(第二批第二书库)/山东中教(第二批)/788/ [索取号:F766/13] 在馆    
14 2001162050   2001162050   中教(第二批第二书库)/山东中教(第二批)/788/ [索取号:F766/13] 在馆    
15 2001162051   2001162051   中教(第二批第二书库)/山东中教(第二批)/788/ [索取号:F766/13] 在馆    
16 2001162052   2001162052   中教(第二批第二书库)/山东中教(第二批)/788/ [索取号:F766/13] 在馆    
17 2001162053   2001162053   中教(第二批第二书库)/山东中教(第二批)/788/ [索取号:F766/13] 在馆    
18 2001162054   2001162054   中教(第二批第二书库)/山东中教(第二批)/788/ [索取号:F766/13] 在馆    
19 2001162055   2001162055   中教(第二批第二书库)/山东中教(第二批)/788/ [索取号:F766/13] 在馆    
20 2001162056   2001162056   中教(第二批第二书库)/山东中教(第二批)/788/ [索取号:F766/13] 在馆    
21 2001162057   2001162057   中教(第二批第二书库)/山东中教(第二批)/788/ [索取号:F766/13] 在馆    
22 2001162058   2001162058   中教(第二批第二书库)/山东中教(第二批)/788/ [索取号:F766/13] 在馆    
23 2001162059   2001162059   中教(第二批第二书库)/山东中教(第二批)/788/ [索取号:F766/13] 在馆    
24 2001162060   2001162060   中教(第二批第二书库)/山东中教(第二批)/788/ [索取号:F766/13] 在馆    
25 2001162061   2001162061   中教(第二批第二书库)/山东中教(第二批)/788/ [索取号:F766/13] 在馆    
26 2001162062   2001162062   中教(第二批第二书库)/山东中教(第二批)/788/ [索取号:F766/13] 在馆    
27 2001162063   2001162063   中教(第二批第二书库)/山东中教(第二批)/788/ [索取号:F766/13] 在馆    
28 2001162064   2001162064   中教(第二批第二书库)/山东中教(第二批)/788/ [索取号:F766/13] 在馆    
29 2001162065   2001162065   中教(第二批第二书库)/山东中教(第二批)/788/ [索取号:F766/13] 在馆    
30 2001162066   2001162066   中教(第二批第二书库)/山东中教(第二批)/788/ [索取号:F766/13] 在馆    
山东省滨州职业学院图书馆 欢迎您!
大连网信软件有限公司© 版权所有